STN EN 12354-5: 2009 (73 0512) Stavebná akustika. Výpočet akustických vlastností budov z vlastností stavebných prvkov Časť 5 Hladiny zvuku spôsobené technickým zariadením
Táto norma je slovenskou verziou európskej normy EN 12354-5: 2009. Preklad zabezpečil Slovenský ústav technickej normalizácie. Má rovnaké postavenie ako majú oficiálne verzie
| Other Authors: | , |
|---|---|
| Format: | Book |
| Language: | Slovak English |
| PhysicalDescription: | 68 s. obr., tab. 30 cm |
| Published: |
Bratislava
Slovenský ústav technickej normalizácie
2009
|
| Subjects: |
MARC
| LEADER | 00000nam a2200000 a 4500 | ||
|---|---|---|---|
| 001 | vtls010031442 | ||
| 003 | SK-MaSNL | ||
| 005 | 20260302044444.0 | ||
| 008 | 160624s2009 xo ka f u 000 0 slo | ||
| 015 | |a SNBN2010/02-01471 | ||
| 020 | |c (cen. skup. 16) | ||
| 040 | |a SNK |b slo |c SNK |e AACR2 | ||
| 041 | 1 | |a slo |h eng | |
| 044 | |a xo |c SK | ||
| 046 | |a s |m 200912 (účin.) | ||
| 072 | 7 | |a 534 |x Mechanické kmity. Akustika |2 konspekt | |
| 080 | |a 534.6 |2 2001 | ||
| 080 | |a 006.7/.8 |2 2001 | ||
| 080 | |a (437.6) |2 2001 | ||
| 080 | |a (4) |2 2001 | ||
| 084 | |a 73 0512 |2 ICS | ||
| 130 | 0 | |a STN 73 0512 (STN EN 12354-5) |9 700271 | |
| 245 | 1 | 0 | |a STN EN 12354-5: 2009 (73 0512) Stavebná akustika. Výpočet akustických vlastností budov z vlastností stavebných prvkov |n Časť 5 |p Hladiny zvuku spôsobené technickým zariadením |
| 246 | 1 | 0 | |a Stavebná akustika |
| 246 | 1 | 0 | |a Výpočet akustických vlastností budov z vlastností stavebných prvkov. Časť 5 |
| 246 | 1 | 0 | |a Hladiny zvuku spôsobené technickým zariadením |
| 246 | 3 | 0 | |a EN 12354-5: 2009 E |
| 260 | |a Bratislava |b Slovenský ústav technickej normalizácie |c 2009 | ||
| 300 | |a 68 s. |b obr., tab. |c 30 cm | ||
| 500 | |a Súbežný názov v angličtine, francúzštine, nemčine | ||
| 500 | |a Dátum účinnosti opravy normy: február 2011 | ||
| 500 | |a Spracovateľ Beáta Hermanská, Peter Tomašovič | ||
| 504 | |a Citované normy, súvisiace právne predpisy s. 2 ; literatúra s. 66 | ||
| 520 | 8 | |a Táto norma je slovenskou verziou európskej normy EN 12354-5: 2009. Preklad zabezpečil Slovenský ústav technickej normalizácie. Má rovnaké postavenie ako majú oficiálne verzie | |
| 540 | |a STN vydané na akomkoľvek nosiči sa môžu rozmnožovať a rozširovať iba so súhlasom určenej právnickej osoby |b SÚTN Bratislava |c zákon 264/1999 Z.z. | ||
| 650 | 0 | 7 | |a akustika |2 SVKBBPH |9 705 |
| 650 | 0 | 7 | |a stavebná akustika |2 SVKBBPH |9 15382 |
| 650 | 0 | 7 | |a Akustická meracia technika |2 SVKBBPH |9 700272 |
| 650 | 0 | 7 | |a technické normy a štandardy |z Slovensko |2 SVKBBPH |9 79594 |
| 650 | 0 | 7 | |a technické normy a štandardy |z krajiny Európskej únie |2 SVKBBPH |9 289341 |
| 655 | 7 | |a normy |2 SVKBBPH |9 70643 | |
| 700 | 1 | |a Hermanská, Beáta, |d 1969- |4 trl |9 320897 | |
| 700 | 1 | |a Tomašovič, Peter, |d 1947- |4 trl |9 100294 | |
| 710 | 2 | |a Slovenský ústav technickej normalizácie (Bratislava, Slovensko). |b Technická komisia č. 21 Akustika a mechanické kmitanie |4 stn |9 318921 | |
| 958 | |a OP | ||
| 958 | |a NB | ||
| 999 | |c 1089757 |d 1091687 | ||
| 952 | |a SNK |b SNK |y PREZ |7 0 |p 17A0646110 |o snkSTN EN 12354-5 |i snk2010/3394 |8 0 |0 0 |1 0 |4 0 |d 2010-02-18 |l 0 |r 2026-02-24 16:53:49 |w 2026-02-24 | ||
| 952 | |a SNK |b SNK |y PREZ |7 0 |p 17A0646109 |o snkSTN EN 12354-5 D1 |i snk2010/3395 |8 0 |0 0 |1 0 |4 0 |d 2010-02-18 |l 0 |r 2026-02-24 16:53:49 |w 2026-02-24 | ||
| 952 | |a SNK |b SNK |y PREZ |7 0 |p 17A0689786 |o snkSTN EN 12354-5/AC |i snk2011/4573 |8 0 |z Oprava normy AC/február 2011 |0 0 |1 0 |4 0 |d 2011-03-01 |l 0 |r 2026-02-24 16:53:49 |w 2026-02-24 | ||
| 952 | |a SNK |b SNK |y PREZ |7 0 |p 17A0689787 |o snkSTN EN 12354-5/AC D1 |i snk2011/4574 |8 0 |z Oprava normy AC/február 2011 |0 0 |1 0 |4 0 |d 2011-03-01 |l 0 |r 2026-02-24 16:53:49 |w 2026-02-24 | ||


